|
|
|
|
| LEADER |
01058nam a2200325 4500 |
| 001 |
DLU090097469 |
| 005 |
##20091201 |
| 040 |
# |
# |
|a DLU
|b eng
|
| 041 |
# |
# |
|a eng
|
| 044 |
# |
# |
|a us
|
| 100 |
# |
# |
|a Li, Yan.
|
| 245 |
# |
# |
|a Shifts in peptide and protein charge state distributions with varying spray tip orifice diameter in nanoelectrospray fourier transform ion cycltron resonance mass spectrometry /
|c Yan Li, Richard B. Cole.
|
| 653 |
# |
# |
|a Electrospray
|
| 653 |
# |
# |
|a Fourier transform spectroscopy
|
| 653 |
# |
# |
|a Insulin
|
| 653 |
# |
# |
|a Ion cyclotron resonance spectrometry
|
| 653 |
# |
# |
|a Mass spectrometry
|
| 653 |
# |
# |
|a Peptides
|
| 653 |
# |
# |
|a Protein
|
| 700 |
# |
# |
|a Cole, Richard B.
|
| 773 |
# |
# |
|t Analytical Chemistry
|g Vol. 75, no. 21 (November 2003), p. 5739-5746
|
| 920 |
# |
# |
|a Phòng Tạp chí -- Trung tâm Thông tin - Thư viện Trường Đại học Đà Lạt
|
| 994 |
# |
# |
|a DLU
|
| 900 |
# |
# |
|a True
|
| 911 |
# |
# |
|a Trương Bảo Trâm Anh
|
| 925 |
# |
# |
|a G
|
| 926 |
# |
# |
|a A
|
| 927 |
# |
# |
|a BB
|
| 980 |
# |
# |
|a Thư viện Trường Đại học Đà Lạt
|